LEADER 01362nam0-2200457-i-450- 001 990009624780403321 005 20120926120311.0 010 $a978-3-642-25846-6$bhardback 035 $a000962478 035 $aFED01000962478 035 $a(Aleph)000962478FED01 035 $a000962478 100 $a20120926d2012----km-y0itay50------ba 101 0 $aeng 102 $aDE 105 $aa---a---001yy 200 1 $aRandom pertubations of dynamical systems$fMark I. Freidlin, Alexander D. Wentzell$gtranslated by Joseph Szücs 205 $a3. ed. 210 $aBerlin$cSpringer$d2012 215 $aXXVIII, 458 p.$d24 cm 225 1 $a<>Grundlehren der mathematischen Wissenschaften$v260 300 $aCon 46 illustrazioni 610 0 $aDeviazioni larghe 610 0 $aPerturbazioni 610 0 $aEquazioni differenziali ordinarie stocastiche 610 0 $aProcessi di diffusione 676 $a519.2$v21$zita 700 1$aFreidlin,$bMark I.$055717 701 1$aWentzell,$bAlexander D.$046977 702 1$aSzucs,$bJoseph 801 0$aIT$bUNINA$gREICAT$2UNIMARC 901 $aBK 912 $a990009624780403321 952 $aC-20-(260-3ED$b25440$fMA1 959 $aMA1 962 $a60F10 962 $a34E10 962 $a60H10 962 $a60J60 996 $aRandom pertubations of dynamical systems$9848351 997 $aUNINA LEADER 01377nam--2200397---450 001 990003027490203316 005 20181106155448.0 035 $a000302749 035 $aUSA01000302749 035 $a(ALEPH)000302749USA01 035 $a000302749 100 $a20071204d1973----km-y0itay50------ba 101 $aita 102 $aIT 105 $a||||||||001yy 200 1 $aNicolas Micard nel quadro delle operazioni economiche e politiche francesi nello Stato Pontificio nell'età di Gregorio 16. e di Pio 9.$fMichele Fatica 210 $aRoma$c[s.n.]$d1973 215 $a104 p.$d24 cm 300 $aEstratto dai volumi 21.-22. (1969-1970) dell'Annuario dell'Istituto Storico Italiano per l'età moderna e contemporanea 410 0$12001 454 1$12001 461 1$1001-------$12001 600 $aMicard,$bNicolas$2BNCF 676 $a945.6 700 1$aFATICA,$bMichele$080358 801 0$aIT$bsalbc$gISBD 912 $a990003027490203316 951 $aIV 3 FAT$b4598 DBC$cIV 3 951 $aXV.14.A. 1120$b262081 L.M.$cXV.14.$d412105 959 $aBK 969 $aDBC 969 $aFVIG 979 $aDBC$b90$c20071204$lUSA01$h1133 979 $aDBC$b90$c20071204$lUSA01$h1134 996 $aNicolas Micard nel quadro delle operazioni economiche e politiche francesi nello Stato Pontificio nell'età di Gregorio 16. e di Pio 9$91025517 997 $aUNISA LEADER 02772nam 2200589 a 450 001 9910786949703321 005 20230124190931.0 010 $a0-19-997661-9 010 $a0-19-997660-0 035 $a(CKB)2670000000387252 035 $a(EBL)1220015 035 $a(OCoLC)852757224 035 $a(SSID)ssj0000915747 035 $a(PQKBManifestationID)12446537 035 $a(PQKBTitleCode)TC0000915747 035 $a(PQKBWorkID)10868856 035 $a(PQKB)10506615 035 $a(MiAaPQ)EBC1220015 035 $a(Au-PeEL)EBL1220015 035 $a(CaPaEBR)ebr10728074 035 $a(CaONFJC)MIL502537 035 $a(EXLCZ)992670000000387252 100 $a20130705d2013 uy 0 101 0 $aeng 135 $aur|n|---||||| 181 $ctxt 182 $cc 183 $acr 200 10$aGenius unmasked$b[electronic resource]$fRoberta B. Ness 210 $aNew York $cOxford University Press$dc2013 215 $a1 online resource (236 p.) 300 $aDescription based upon print version of record. 311 $a1-299-71286-X 311 $a0-19-997659-7 320 $aIncludes bibliographical references and index. 327 $aCover; Contents; 1 Hero Worship; 2 Nature versus God; 3 Darwin Annotated; 4 The Miracle Worker; 5 Bending Time; 6 Pick the Innovator; 7 Is Psychology All in Your Head?; 8 Inspirations from the Heart; 9 It's Electric; 10 Two Luminous Lives; 11 Immunology and the Uncommon Man; 12 Connectivity; 13 A Modest Proposal for Saving Mankind; 14 Medications Everywhere but Only One Pill; 15 A Way to Die; 16 Steering the Craft; References; Index; A; B; C; D; E; F; G; H; I; J; K; L; M; N; O; P; Q; R; S; T; U; V; W; X; Y; Z 330 $aGenius can seem incomprehensible even to seasoned researchers. Einstein's theory of special relativity, Rutherford's glimpse into the invisible heart of the atom--such astonishing breakthroughs seem almost magical--like bolts of insight arising from nowhere. Genius Unmasked reveals the true nature of genius, taking the reader on a journey through the lives and minds of more than a dozen brilliant scientists, ranging from Darwin, Einstein, Edison, and Pasteur, to such lesser known but important innovators as Maria Montessori. Their stories are truly compelling, and at time inspiring, but, more 606 $aGenius$vCase studies 606 $aCreative ability in science$vCase studies 606 $aCreative ability 615 0$aGenius 615 0$aCreative ability in science 615 0$aCreative ability. 676 $a153.9/8 700 $aNess$b Roberta B$0887902 801 0$bMiAaPQ 801 1$bMiAaPQ 801 2$bMiAaPQ 906 $aBOOK 912 $a9910786949703321 996 $aGenius unmasked$93755579 997 $aUNINA LEADER 02493oas 2200865 a 450 001 9910626143003321 005 20260127110703.0 011 $a2374-9407 035 $a(DE-599)ZDB2949314-6 035 $a(OCoLC)44579381 035 $a(CONSER) 2009250584 035 $a(CKB)954926983087 035 $a(DE-599)2949314-6 035 $a(EXLCZ)99954926983087 100 $a20000713b19861997 uy a 101 0 $aeng 135 $aurcn||||||||| 181 $ctxt$2rdacontent 182 $cc$2rdamedia 183 $acr$2rdacarrier 200 10$aIEEE expert 210 $aNew York, NY $cIEEE Computer Society, Institute of Electrical and Electronics Engineers$d1988-1997 300 $aRefereed/Peer-reviewed 300 $a"Intelligent systems and their applications." 311 08$a0885-9000 517 3 $aExpert 517 3 $aInstitute of Electrical and Electronics Engineers expert 606 $aExpert systems (Computer science)$vPeriodicals 606 $aSyste?mes experts (Informatique)$vPe?riodiques 606 $aIntelligence artificelle$vPe?riodiques 606 $aExpert systems (Computer science)$2fast$3(OCoLC)fst00918516 606 $aExpertsystemen$2gtt 606 $aSyste?me expert$2rasuqam 606 $aIntelligence artificielle$2rasuqam 608 $aPeriodicals.$2fast 608 $aPe?riodique e?lectronique (Descripteur de forme)$2rasuqam 608 $aRessource Internet (Descripteur de forme)$2rasuqam 615 0$aExpert systems (Computer science) 615 6$aSyste?mes experts (Informatique) 615 6$aIntelligence artificelle 615 7$aExpert systems (Computer science) 615 17$aExpertsystemen. 615 7$aSyste?me expert. 615 7$aIntelligence artificielle. 676 $a006.3/3/05 712 02$aInstitute of Electrical and Electronics Engineers 712 02$aIEEE Computer Society 801 0$bNTD 801 1$bNTD 801 2$bOCL 801 2$bOCLCQ 801 2$bWAU 801 2$bOCLCQ 801 2$bUQ1 801 2$bTXJ 801 2$bBUF 801 2$bOCLCE 801 2$bOCLCQ 801 2$bOCLCF 801 2$bDLC 801 2$bOCLCO 801 2$bOCLCQ 801 2$bOCLCA 801 2$bUKMGB 801 2$bVT2 801 2$bNJT 801 2$bBWN 801 2$bOCLCQ 801 2$bUAB 801 2$bHNC 801 2$bOCLCL 906 $aJOURNAL 912 $a9910626143003321 996 $aIEEE expert$9796235 997 $aUNINA